00352 a2200097 4500001001000000005001700010008004100027245010900068100002600177773005100203ART_4667820260410162039.0260409a 10aFactores sectoriales y regionales que determinan la dinámica empresarial en los países en desarrollo1 aCalá, Carla Daniela0 tRevista Cepalg- Nº 124 (abr. 2018)wREV45125